| 000 | 01883nam0a2200361 4500 | ||
|---|---|---|---|
| 001 | RU\NLR\BIBL_A\011526685 | ||
| 005 | 20250626084051.0 | ||
| 010 | _a978-5-9710-4533-5 | ||
| 021 |
_aRU _b2017-78508 _95601 |
||
| 035 | _a(RuMoRGB)009426302 | ||
| 035 | _a(NLR Aleph) 011526685 | ||
| 090 |
_a12123902 _c12123902 |
||
| 100 | _a20171115e20171899|||y0rusy50 ca | ||
| 101 | 0 | _arus | |
| 102 | _aRU | ||
| 105 | _ay|||z|||000zy | ||
| 200 | 1 |
_aЗаконы о женщинах _eсборник всех постановлений действующего законодательства, относящихся до лиц женского пола _fЯ. А. Канторович |
|
| 205 |
_aИзд. 2-е, [стер. _bрепр. по изд.: СПб., 1899] |
||
| 210 |
_aМосква _cURSS _cЛЕНАНД _d[2017] _d(макет 2018) |
||
| 215 |
_a[3], 272 с. _d22 |
||
| 225 | 1 |
_aАкадемия фундаментальных исследований: история права _v№ 93 |
|
| 320 | _aДр. работы авт. на 4-й с. обл. | ||
| 455 | 0 |
_12001#$aЗаконы о женщинах$eсборник всех постановлений действующего законодательства, относящихся до лиц женского пола _1210##$aСПб.$d1899 _tЗаконы о женщинах |
|
| 606 | 1 |
_aЖенщины _xПравовое положение _yРоссия _92524746 _3RU\NLR\AUTH\661495820 |
|
| 606 | 1 |
_aЗаконодательство _yРоссия _92102462 _3RU\NLR\AUTH\661271398 |
|
| 686 |
_aХ2(2)47-3 _2rubbk |
||
| 686 | 1 | _aХ2(2)5-512 | |
| 686 | 1 | _aХ2(2)5-3 | |
| 700 | 1 |
_7ca _8rus _aКанторович _bЯ. А. _cюрист _f1859-1925 _gЯков Абрамович _9154719 _3RU\NLR\AUTH\770154757 |
|
| 942 | _cBOOK | ||
| 980 | _aNB | ||